00654nam a2200181 a 450000100100000000500170001000800410002704000250006808200150009310000310010824500850013926000460022430000200027070000430029004900090033395201130034299900170045500002583720200930024104.0110223s1982 dr 000 0 spa d aDO-SdBNPbspacBNPHU axxxbG643c1 aGonzález, Orangel91446510aConsideraciones sociales /cOrangel González ; prólogo Gilberto Hernández. aLa Romana, República Dominicana,c1982. a51 p. ;c20 cm.1 aHernández, Gilberto,epról.952667 aBNPD 0010718PDaPDbPDcCTd2011-02-23iLF1l0oxxx G643cp25837-10r2020-06-25w2020-06-25yLFPDZNo se presta c25329d25329